Responses for show #7191 - Monday, December 14, 2015

Contestants

[<< previous game]

Michelle Chan, an architect from Montreal, Quebec, Canada

Sam McLinn, a retiree from Independence, Ohio

Katie Price, a paraprofessional from Peabody, Massachusetts (whose 1-day cash winnings total $13,000)

[next game >>]

Jeopardy! Round responses

STATE FIRSTS
ANIMAL GROUPS
COLLEGES & UNIVERSITIES
NEW MUSICAL SUPERGROUPS
IT'S MURDER
RHYME SCENE
(Alex: Each correct response will rhyme with the word "scene".)
    $200 6
Alaska

Michelle
    $200 24
ravens

Katie
    $200 9
Stanford

Michelle
    $200 1
The Velvet Underground & The Grateful Dead

Katie
    $200 14
Murder Incorporated

Michelle
    $200 27
[The end-of-round signal sounds.]

hygiene

Michelle
    $400 7
Green Bay

Katie
    $400 23
a quiver

Sam
    $400 10
Oxford

Katie
    $400 2
(Michelle: Who are The Mama and The Papas & Fire At The Disco?)

The Mamas and The Papas & Panic! At The Disco

KatieMichelle
    $400 15
the New York Yankees

Sam
    $600 8
an oil well

Michelle
    $600 20
(Michelle: What are wolves?)
(Katie: What are coyotes?)

foxes

KatieSamMichelle
    $600 11
Tulane

Katie
    $600 3
My Morning Jacket & the Red Hot Chili Peppers

Katie
    $600 16
murder in the first

Sam
    $600 26
the spleen

Triple Stumper
    $800 12
a drive-in theater

Michelle
    $800 19
sharks

Michelle
    $2,000 21
(Sam: What is the Louvre?)

the Sorbonne

Sam
    $800 4
Hall & Oates & Seals & Crofts

Katie
    $800 17
Johnny Cash

Michelle
    $1000 13
(Michelle: What is New Mexico?)

Illinois

SamMichelle
    $1000 22
(Same: What is an eddy?)
(Alex: What is a maelstrom? With a minute to go now, Sam.)

a maelstrom

Sam
Triple Stumper
    $1000 25
Duke, North Carolina State, and the University of North Carolina

Triple Stumper
    $1000 5
Sly and the Family Stone & Jefferson Airplane

Sam
    $1000 18
the Charles Manson group

Sam

Scores at the first commercial break (after clue 13):

Katie Sam Michelle
$3,400 $2,000 $400

Scores at the end of the Jeopardy! Round:

Katie Sam Michelle
$3,000 $2,000 $1,800

Double Jeopardy! Round responses

ITALIAN EXPLORERS
MARK YOUR CALENDAR
ACTING TV MILITARY
SOMETHING TO READ
WOMEN IN POLITICS
"Y"? BECAUSE WE LIKE YOU
    $400 2
Christopher Columbus

Michelle
    $400 16
(Michelle: What is Black Friday?)

Thanksgiving

KatieMichelle
    $400 7
(Michelle: What is the Army?)
(Katie: What is the Navy?)

U.S. Marines

KatieSamMichelle
    $400 1
Boswell

Sam
    $400 21
(Katie: What is senator?)
(Michelle: What is, uh, house representative?)
(Alex: [*] is right. Less than a minute now.)

governor

KatieSamMichelle
    $400 23
a yearbook

Michelle
    $800 3
Marco Polo

Michelle
    $800 17
(Katie: What is the 14th?)

the 19th

Katie
Triple Stumper
    $800 11
Mark Harmon

Katie
    $800 12
the Owl and the Pussycat

Triple Stumper
    $1200 4
India

Michelle
    $1200 18
World Population Day

Triple Stumper
    $1200 10
Damian Lewis

Katie
    $1200 13
The Dragons of Eden

Sam
    $1200 22
Arkansas

Triple Stumper
    $1200 24
a yarmulke

Katie
    $2,400 5
(Michelle: Uh, the San Verrazzano? What is the San Verra--[chuckles] I don't know.)
(Alex: No, it is [*], but it's not San Verrazzano, it's Giovanni da [*].)

Verrazzano

Michelle
    $1600 19
Assumption

Michelle
    $1600 8
Mobile Army Surgical Hospital

Sam
    $3,000 14
Troilus and Cressida

Sam
    $1600 25
a yew tree

Michelle
    $2000 6
John Cabot (Giovanni Caboto)

Katie
    $2000 20
(Katie: Who is Kosciuszko?)
(Sam: Who is Kosciuszko?)

Casimir Pulaski

KatieSam
Triple Stumper
    $2000 9
(Katie: What is Ghost Ship?)

The Last Ship

KatieSam
    $2000 15
The Commitments

Michelle
    $2000 26
(The end-of-the-round signal sounds.)

yakitori

Katie

Scores at the end of the Double Jeopardy! Round:

Katie Sam Michelle
$5,000 $9,000 $6,200

[wagering suggestions for these scores]

Final Jeopardy! Round responses

HISTORIC PLACES
KatieWho is Fulton?
$5,000
MichelleWho is Harper?
$3,801
SamWho is John BroHarper?
$3,500
Robert Harper

Final scores:

Katie Sam Michelle
$0 $12,500 $10,001
3rd place: $1,000 New champion: $12,500 2nd place: $2,000

Game dynamics:

Coryat scores:

Katie Sam Michelle
$5,000 $9,600 $8,600
14 R,
6 W
14 R
(including 1 DD),
3 W
(including 1 DD)
15 R,
7 W
(including 1 DD)

Combined Coryat: $23,200

The J! Archive is created by fans, for fans. The Jeopardy! game show and all elements thereof, including but not limited to copyright and trademark thereto, are the property of Jeopardy Productions, Inc. and are protected under law. This website is not affiliated with, sponsored by, or operated by Jeopardy Productions, Inc. Join the discussion at JBoard.tv.